Jakie autobusy zatrzymują się na tym przystanku? Q2 - Statystyki

Ogólne statystyki
  • Ten quiz został rozwiązany 40 razy
    27 od ostatniego zresetowania
  • Średni wynik to 13 z 15
Statystyki odpowiedzi
Przystanek Linie % Poprawnych
Śródmieście 0 / 5 / 6 / 8 / 12 / 19 / 20 / 27 / 29 / 44 / N2 / N3
94%
Domeyki 1 / 2 / 9 / 44
94%
Gajowa [NŻ] 8 / 14 / 19 / 25 / 26 / 38 / N1 / N2 / N3 / N4
94%
Anny Jagiellonki 0 / 6
89%
Długa 10 / 14 / 29 / N4
89%
Drzonków - WOSIR 10 / 30
89%
Krępa Dolna [NŻ] 1 / 22
89%
Bukowa 1 / 22
89%
Piastowska 2 / 9 / 10 / N1 / N3 / N4
89%
Os.Leśne 5 / 12
89%
Jana z Kolna [NŻ] 6 / 9 / 12
89%
Kąpielisko H2Ochla [NŻ] 8 / 27
89%
Nowy Kisielin IDEAL 0 / 26
83%
Zawada Strażacka [NŻ] 21 / 22
83%
Konkatedra 101
72%
Nie znaleziono quizów pasujących do podanych kryteriów
Rozkład punktacji
Procent ludzi z każdym wynikiem
Percentyl według liczby udzielonych odpowiedzi
Twoja historia wyników
Nie rozwiązałeś tego quizu od ostatniego zresetowania